共通テストの試験場がない市区 - Statistics

General Stats
  • This quiz has been taken 8 times
  • The average score is 218 of 535
Answer Stats
Hint Answer % Correct
北海道 夕張市
80%
北海道 赤平市
80%
北海道 三笠市
80%
北海道 砂川市
80%
北海道 歌志内市
80%
青森県 黒石市
80%
宮城県 角田市
80%
宮城県 多賀城市
80%
宮城県 栗原市
80%
宮城県 大崎市
80%
宮城県 富谷市
80%
秋田県 北秋田市
80%
秋田県 にかほ市
80%
山形県 上山市
80%
山形県 天童市
80%
山形県 東根市
80%
福島県 白河市
80%
茨城県 つくばみらい市
80%
群馬県 富岡市
80%
埼玉県 蕨市
80%
千葉県 大網白里市
80%
神奈川県 大和市
80%
新潟県 燕市
80%
新潟県 妙高市
80%
富山県 氷見市
80%
北海道 岩見沢市
60%
北海道 網走市
60%
北海道 留萌市
60%
北海道 美唄市
60%
北海道 芦別市
60%
北海道 紋別市
60%
北海道 士別市
60%
北海道 根室市
60%
北海道 滝川市
60%
北海道 深川市
60%
北海道 富良野市
60%
北海道 登別市
60%
北海道 恵庭市
60%
北海道 | 福島県 伊達市
60%
北海道 北広島市
60%
北海道 石狩市
60%
青森県 三沢市
60%
青森県 つがる市
60%
青森県 平川市
60%
岩手県 久慈市
60%
岩手県 遠野市
60%
岩手県 一関市
60%
岩手県 陸前高田市
60%
岩手県 二戸市
60%
岩手県 八幡平市
60%
岩手県 奥州市
60%
宮城県 気仙沼市
60%
宮城県 白石市
60%
宮城県 岩沼市
60%
宮城県 登米市
60%
宮城県 東松島市
60%
秋田県 能代市
60%
秋田県 男鹿市
60%
秋田県 湯沢市
60%
秋田県 由利本荘市
60%
秋田県 潟上市
60%
秋田県 大仙市
60%
秋田県 仙北市
60%
山形県 寒河江市
60%
山形県 村山市
60%
山形県 長井市
60%
山形県 尾花沢市
60%
福島県 須賀川市
60%
福島県 喜多方市
60%
福島県 相馬市
60%
福島県 二本松市
60%
福島県 田村市
60%
福島県 本宮市
60%
茨城県 古河市
60%
茨城県 下妻市
60%
茨城県 常総市
60%
茨城県 常陸太田市
60%
茨城県 高萩市
60%
茨城県 北茨城市
60%
茨城県 笠間市
60%
茨城県 鹿嶋市
60%
茨城県 潮来市
60%
茨城県 守谷市
60%
茨城県 常陸大宮市
60%
茨城県 那珂市
60%
茨城県 筑西市
60%
茨城県 坂東市
60%
茨城県 稲敷市
60%
茨城県 かすみがうら市
60%
茨城県 桜川市
60%
茨城県 神栖市
60%
茨城県 行方市
60%
茨城県 鉾田市
60%
栃木県 佐野市
60%
栃木県 鹿沼市
60%
栃木県 日光市
60%
栃木県 真岡市
60%
栃木県 矢板市
60%
栃木県 那須塩原市
60%
栃木県 さくら市
60%
栃木県 那須烏山市
60%
栃木県 下野市
60%
群馬県 沼田市
60%
群馬県 館林市
60%
群馬県 渋川市
60%
群馬県 安中市
60%
埼玉県 加須市
60%
埼玉県 鴻巣市
60%
埼玉県 戸田市
60%
埼玉県 朝霞市
60%
埼玉県 志木市
60%
埼玉県 北本市
60%
埼玉県 八潮市
60%
埼玉県 富士見市
60%
埼玉県 幸手市
60%
埼玉県 ふじみ野市
60%
埼玉県 白岡市
60%
千葉県 茂原市
60%
千葉県 佐倉市
60%
千葉県 旭市
60%
千葉県 勝浦市
60%
千葉県 鴨川市
60%
千葉県 君津市
60%
千葉県 富津市
60%
千葉県 南房総市
60%
千葉県 匝瑳市
60%
東京都 青梅市
60%
東京都 東村山市
60%
東京都 狛江市
60%
東京都 清瀬市
60%
東京都 武蔵村山市
60%
東京都 稲城市
60%
東京都 羽村市
60%
神奈川県 逗子市
60%
神奈川県 三浦市
60%
神奈川県 南足柄市
60%
神奈川県 綾瀬市
60%
新潟県 小千谷市
60%
新潟県 十日町市
60%
新潟県 見附市
60%
新潟県 村上市
60%
新潟県 糸魚川市
60%
新潟県 魚沼市
60%
新潟県 南魚沼市
60%
新潟県 胎内市
60%
富山県 魚津市
60%
富山県 小矢部市
60%
富山県 南砺市
60%
石川県 輪島市
60%
石川県 珠洲市
60%
福井県 越前市
60%
福井県 坂井市
60%
山梨県 北杜市
60%
岐阜県 下呂市
60%
静岡県 湖西市
60%
愛知県 尾張旭市
60%
愛知県 清須市
60%
愛知県 あま市
60%
三重県 名張市
60%
三重県 尾鷲市
60%
三重県 熊野市
60%
滋賀県 高島市
60%
大阪府 河内長野市
60%
大阪府 泉南市
60%
大阪府 大阪狭山市
60%
大阪府 阪南市
60%
奈良県 宇陀市
60%
和歌山県 橋本市
60%
和歌山県 新宮市
60%
和歌山県 岩出市
60%
鳥取県 境港市
60%
島根県 益田市
60%
広島県 三次市
60%
山口県 長門市
60%
山口県 美祢市
60%
徳島県 三好市
60%
香川県 観音寺市
60%
愛媛県 今治市
60%
愛媛県 大洲市
60%
愛媛県 伊予市
60%
愛媛県 四国中央市
60%
愛媛県 西予市
60%
高知県 室戸市
60%
佐賀県 多久市
60%
佐賀県 鹿島市
60%
鹿児島県 出水市
60%
沖縄県 宜野湾市
60%
沖縄県 糸満市
60%
沖縄県 南城市
60%
北海道 北斗市
40%
青森県 五所川原市
40%
岩手県 北上市
40%
宮城県 塩竈市
40%
秋田県 鹿角市
40%
山形県 南陽市
40%
茨城県 土浦市
40%
茨城県 石岡市
40%
茨城県 結城市
40%
茨城県 取手市
40%
茨城県 牛久市
40%
茨城県 ひたちなか市
40%
茨城県 小美玉市
40%
栃木県 栃木市
40%
群馬県 藤岡市
40%
群馬県 みどり市
40%
埼玉県 熊谷市
40%
埼玉県 秩父市
40%
埼玉県 狭山市
40%
埼玉県 羽生市
40%
埼玉県 入間市
40%
埼玉県 和光市
40%
埼玉県 桶川市
40%
埼玉県 久喜市
40%
埼玉県 三郷市
40%
埼玉県 蓮田市
40%
埼玉県 鶴ヶ島市
40%
埼玉県 日高市
40%
埼玉県 吉川市
40%
千葉県 館山市
40%
千葉県 鎌ケ谷市
40%
千葉県 四街道市
40%
千葉県 袖ケ浦市
40%
千葉県 八街市
40%
千葉県 白井市
40%
千葉県 富里市
40%
千葉県 香取市
40%
千葉県 山武市
40%
千葉県 いすみ市
40%
東京都 中央区
40%
東京都 福生市
40%
東京都 東大和市
40%
東京都 東久留米市
40%
東京都 あきる野市
40%
東京都 西東京市
40%
神奈川県 茅ヶ崎市
40%
神奈川県 秦野市
40%
神奈川県 座間市
40%
新潟県 五泉市
40%
新潟県 阿賀野市
40%
富山県 滑川市
40%
富山県 黒部市
40%
富山県 砺波市
40%
石川県 加賀市
40%
石川県 羽咋市
40%
石川県 能美市
40%
福井県 敦賀市
40%
福井県 大野市
40%
福井県 勝山市
40%
福井県 鯖江市
40%
福井県 あわら市
40%
山梨県 南アルプス市
40%
長野県 岡谷市
40%
長野県 諏訪市
40%
長野県 伊那市
40%
長野県 飯山市
40%
岐阜県 恵那市
40%
岐阜県 飛騨市
40%
岐阜県 郡上市
40%
岐阜県 海津市
40%
静岡県 熱海市
40%
静岡県 島田市
40%
静岡県 掛川市
40%
静岡県 御殿場市
40%
静岡県 下田市
40%
静岡県 裾野市
40%
静岡県 伊豆市
40%
静岡県 御前崎市
40%
静岡県 菊川市
40%
静岡県 伊豆の国市
40%
静岡県 牧之原市
40%
愛知県 碧南市
40%
愛知県 常滑市
40%
愛知県 新城市
40%
愛知県 大府市
40%
愛知県 知多市
40%
愛知県 岩倉市
40%
愛知県 豊明市
40%
愛知県 田原市
40%
愛知県 北名古屋市
40%
三重県 桑名市
40%
三重県 亀山市
40%
三重県 鳥羽市
40%
三重県 いなべ市
40%
三重県 志摩市
40%
三重県 伊賀市
40%
滋賀県 栗東市
40%
滋賀県 甲賀市
40%
滋賀県 野洲市
40%
滋賀県 湖南市
40%
滋賀県 東近江市
40%
滋賀県 米原市
40%
京都府 舞鶴市
40%
京都府 綾部市
40%
京都府 宮津市
40%
京都府 向日市
40%
京都府 長岡京市
40%
大阪府 池田市
40%
大阪府 泉大津市
40%
大阪府 貝塚市
40%
大阪府 泉佐野市
40%
大阪府 箕面市
40%
大阪府 門真市
40%
大阪府 高石市
40%
大阪府 交野市
40%
兵庫県 加西市
40%
兵庫県 養父市
40%
兵庫県 丹波市
40%
兵庫県 南あわじ市
40%
兵庫県 たつの市
40%
奈良県 桜井市
40%
奈良県 五條市
40%
奈良県 御所市
40%
奈良県 香芝市
40%
奈良県 葛城市
40%
和歌山県 海南市
40%
和歌山県 有田市
40%
和歌山県 御坊市
40%
鳥取県 倉吉市
40%
島根県 大田市
40%
島根県 安来市
40%
島根県 江津市
40%
島根県 雲南市
40%
岡山県 玉野市
40%
岡山県 笠岡市
40%
岡山県 新見市
40%
岡山県 真庭市
40%
岡山県 美作市
40%
岡山県 浅口市
40%
広島県 江田島市
40%
山口県 下松市
40%
山口県 光市
40%
山口県 柳井市
40%
徳島県 阿南市
40%
徳島県 吉野川市
40%
香川県 東かがわ市
40%
愛媛県 宇和島市
40%
愛媛県 八幡浜市
40%
愛媛県 新居浜市
40%
愛媛県 西条市
40%
愛媛県 東温市
40%
高知県 安芸市
40%
高知県 土佐市
40%
高知県 須崎市
40%
高知県 土佐清水市
40%
高知県 四万十市
40%
福岡県 柳川市
40%
福岡県 行橋市
40%
福岡県 古賀市
40%
佐賀県 伊万里市
40%
佐賀県 小城市
40%
佐賀県 嬉野市
40%
長崎県 平戸市
40%
熊本県 人吉市
40%
大分県 中津市
40%
宮崎県 日向市
40%
鹿児島県 枕崎市
40%
鹿児島県 阿久根市
40%
鹿児島県 指宿市
40%
鹿児島県 西之表市
40%
鹿児島県 垂水市
40%
鹿児島県 南さつま市
40%
鹿児島県 志布志市
40%
鹿児島県 伊佐市
40%
沖縄県 豊見城市
40%
埼玉県 所沢市
20%
埼玉県 本庄市
20%
埼玉県 春日部市
20%
埼玉県 上尾市
20%
千葉県 印西市
20%
東京都 墨田区
20%
東京都 大田区
20%
東京都 荒川区
20%
東京都 江戸川区
20%
東京都 立川市
20%
広島県 | 東京都 府中市
20%
東京都 昭島市
20%
東京都 国分寺市
20%
神奈川県 鎌倉市
20%
神奈川県 小田原市
20%
神奈川県 海老名市
20%
富山県 高岡市
20%
石川県 七尾市
20%
石川県 白山市
20%
山梨県 大月市
20%
山梨県 韮崎市
20%
山梨県 笛吹市
20%
山梨県 甲州市
20%
長野県 須坂市
20%
長野県 小諸市
20%
長野県 中野市
20%
長野県 千曲市
20%
岐阜県 美濃市
20%
岐阜県 美濃加茂市
20%
岐阜県 土岐市
20%
岐阜県 山県市
20%
岐阜県 本巣市
20%
静岡県 富士宮市
20%
静岡県 伊東市
20%
静岡県 焼津市
20%
愛知県 瀬戸市
20%
愛知県 半田市
20%
愛知県 豊川市
20%
愛知県 津島市
20%
愛知県 安城市
20%
愛知県 西尾市
20%
愛知県 江南市
20%
愛知県 小牧市
20%
愛知県 知立市
20%
愛知県 高浜市
20%
愛知県 愛西市
20%
愛知県 弥富市
20%
三重県 松阪市
20%
滋賀県 近江八幡市
20%
滋賀県 守山市
20%
京都府 宇治市
20%
京都府 城陽市
20%
京都府 八幡市
20%
京都府 南丹市
20%
京都府 木津川市
20%
大阪府 高槻市
20%
大阪府 守口市
20%
大阪府 藤井寺市
20%
大阪府 四條畷市
20%
兵庫県 尼崎市
20%
兵庫県 洲本市
20%
兵庫県 芦屋市
20%
兵庫県 伊丹市
20%
兵庫県 相生市
20%
兵庫県 西脇市
20%
兵庫県 高砂市
20%
兵庫県 川西市
20%
兵庫県 小野市
20%
兵庫県 三田市
20%
兵庫県 丹波篠山市
20%
兵庫県 朝来市
20%
兵庫県 宍粟市
20%
奈良県 大和高田市
20%
奈良県 大和郡山市
20%
奈良県 生駒市
20%
和歌山県 田辺市
20%
岡山県 井原市
20%
岡山県 備前市
20%
岡山県 瀬戸内市
20%
広島県 大竹市
20%
広島県 廿日市市
20%
山口県 防府市
20%
徳島県 小松島市
20%
徳島県 阿波市
20%
徳島県 美馬市
20%
香川県 丸亀市
20%
香川県 坂出市
20%
高知県 宿毛市
20%
高知県 香南市
20%
福岡県 直方市
20%
福岡県 八女市
20%
福岡県 筑後市
20%
福岡県 豊前市
20%
福岡県 春日市
20%
福岡県 福津市
20%
福岡県 うきは市
20%
福岡県 嘉麻市
20%
福岡県 朝倉市
20%
福岡県 みやま市
20%
福岡県 那珂川市
20%
佐賀県 唐津市
20%
佐賀県 鳥栖市
20%
佐賀県 武雄市
20%
佐賀県 神埼市
20%
長崎県 島原市
20%
長崎県 松浦市
20%
長崎県 西海市
20%
長崎県 雲仙市
20%
長崎県 南島原市
20%
熊本県 八代市
20%
熊本県 荒尾市
20%
熊本県 水俣市
20%
熊本県 玉名市
20%
熊本県 山鹿市
20%
熊本県 菊池市
20%
熊本県 宇土市
20%
熊本県 上天草市
20%
熊本県 宇城市
20%
熊本県 阿蘇市
20%
熊本県 天草市
20%
熊本県 合志市
20%
大分県 日田市
20%
大分県 佐伯市
20%
大分県 臼杵市
20%
大分県 津久見市
20%
大分県 竹田市
20%
大分県 豊後高田市
20%
大分県 杵築市
20%
大分県 豊後大野市
20%
大分県 由布市
20%
大分県 国東市
20%
宮崎県 日南市
20%
宮崎県 小林市
20%
宮崎県 串間市
20%
宮崎県 西都市
20%
宮崎県 えびの市
20%
鹿児島県 日置市
20%
鹿児島県 曽於市
20%
鹿児島県 いちき串木野市
20%
鹿児島県 南九州市
20%
鹿児島県 姶良市
20%
沖縄県 沖縄市
20%
山梨県 富士吉田市
0%
山梨県 山梨市
0%
山梨県 甲斐市
0%
山梨県 中央市
0%
長野県 大町市
0%
長野県 東御市
0%
長野県 安曇野市
0%
岐阜県 多治見市
0%
愛知県 蒲郡市
0%
大阪府 岸和田市
0%
兵庫県 明石市
0%
兵庫県 宝塚市
0%
岡山県 赤磐市
0%
広島県 竹原市
0%
広島県 安芸高田市
0%
香川県 三豊市
0%
福岡県 中間市
0%
福岡県 小郡市
0%
福岡県 筑紫野市
0%
福岡県 太宰府市
0%
福岡県 宮若市
0%
福岡県 糸島市
0%
長崎県 諫早市
0%
長崎県 大村市
0%
大分県 宇佐市
0%
沖縄県 浦添市
0%
沖縄県 うるま市
0%
No matching quizzes found
Score Distribution
Percent of People with Each Score
Percentile by Number Answered
Your Score History
You have not taken this quiz